000 00345nam a22001217a 4500
008 160412b xxu||||| |||| 00| 0 eng d
020 _a9966260116
100 _aSerem, D. K.
245 _aUnderstanding Research
_ba simplified form
_cSerem, D. K.
260 _aEldoret, Kenya
_bUtafiti Foundation
_c2013
300 _axx, 140p.
942 _2lcc
_cBK
999 _c15921
_d15921